El continente por descubrir : Emily Dickinson y el espacio de la mente
Պահպանված է:
| Հիմնական հեղինակ: | |
|---|---|
| Ձևաչափ: | Գիրք |
| Լեզու: | Undetermined |
| Հրապարակվել է: |
México, Distrito Federal
Noema
1986
|
| Խորագրեր: | |
| Ցուցիչներ: |
Ավելացրեք ցուցիչ
Չկան պիտակներ, Եղեք առաջինը, ով նշում է այս գրառումը!
|
MARC
| LEADER | 00000nam a2200000Ia 4500 | ||
|---|---|---|---|
| 008 | 170316s9999 xx 000 0 und d | ||
| 040 | |a cru BVZT | ||
| 090 | |a C-820 J-2c | ||
| 100 | |a Juhasz, Suzanne | ||
| 245 | |a El continente por descubrir : Emily Dickinson y el espacio de la mente | ||
| 260 | |a México, Distrito Federal | ||
| 260 | |b Noema | ||
| 260 | |c 1986 | ||
| 300 | |a 237 páginas | ||
| 650 | |a LITERATURA INGLESA | ||
| 650 | |a CRÍTICA | ||
| 999 | |c 12908 |d 12908 | ||
| 942 | |c 15 D |h C-820 J-2c |2 z | ||
